RATIONAL EMOTIVE BEHAVIOUR THERAPY (Record no. 19652)

MARC details
000 -LEADER
fixed length control field 00342nam a22001577a 4500
003 - CONTROL NUMBER IDENTIFIER
control field SGT
020 ## - INTERNATIONAL STANDARD BOOK NUMBER
International Standard Book Number 978-0-85702-332-2
082 ## - DEWEY DECIMAL CLASSIFICATION NUMBER
Classification number 616.89
Item number R06N
100 ## - MAIN ENTRY--PERSONAL NAME
Personal name NEENAM, MICHAEL
245 ## - TITLE STATEMENT
Title RATIONAL EMOTIVE BEHAVIOUR THERAPY
250 ## - EDITION STATEMENT
Edition statement 2ND
260 ## - PUBLICATION, DISTRIBUTION, ETC. (IMPRINT)
Place of publication, distribution, etc INDIA
Name of publisher, distributor, etc SAGE
Year of Publication 2006
300 ## - PAGE DESCRIPTION
No. of Pages 92
650 ## - SUBJECT ADDED ENTRY--TOPICAL TERM
Topical term or geographic name as entry element PSYCHIATRY
942 ## - ADDED ENTRY ELEMENTS (KOHA)
Source of classification or shelving scheme Dewey Decimal Classification
Koha item type Books
Holdings
Withdrawn status Lost status Source of classification or shelving scheme Damaged status Not for loan Collection code Home library Current library Shelving location Date acquired Vendor Name Cost, normal purchase price SGTU Bill Number Total Checkouts Full call number Accession No. (Barcode) Date last seen Bill Date Koha item type
    Dewey Decimal Classification   Not For Loan MEDICAL SGT Medical Library SGT Medical Library Reference Book 31/12/2019 ABC DELHI 0.00 SGTU 11406   616.89 R06N FM11901 31/12/2019   Books